La evolución político-constitucional de América del Sur: 1976-2005
Guardat en:
| Autor principal: | |
|---|---|
| Format: | Llibre |
| Idioma: | espanyol |
| Publicat: |
Santiago
Librotecnia
2009
|
| Edició: | 1a. ed |
| Matèries: | |
| Etiquetes: |
Afegir etiqueta
Sense etiquetes, Sigues el primer a etiquetar aquest registre!
|
MARC
| LEADER | 00000cam a2200000 a 4500 | ||
|---|---|---|---|
| 001 | UCG8664 | ||
| 003 | CL-VaPUC | ||
| 005 | 20220830123347.0 | ||
| 008 | 111223e20090100CL |||||||||||||||||spa|d | ||
| 999 | |c 346264 |d 346262 | ||
| 020 | |a 9789567950973 | ||
| 040 | |c Pontificia Universidad Católica de Valparaíso | ||
| 082 | 0 | 4 | |a 341.098 |b NOG |2 21 |
| 100 | |a Nogueira Alcalá, Humberto |e autor |9 876107 | ||
| 245 | 1 | 3 | |a La evolución político-constitucional de América del Sur: 1976-2005 |
| 250 | |a 1a. ed | ||
| 260 | |a Santiago |b Librotecnia |c 2009 | ||
| 300 | |a 658 p | ||
| 583 | |a last modification |c 20111223 12:06:00 |k Rodrigo Vera | ||
| 650 | 0 | |a Derecho internacional |9 255637 | |
| 650 | 7 | |a DERECHO CONSTITUCIONAL INTERNACIONAL |2 CL-VaPUC |9 541059 | |
| 650 | 7 | |a DERECHO INTERNACIONAL PUBLICO |2 CL-VaPUC |9 559776 | |
| 942 | |c BK |2 ddc | ||
| 945 | |d 20111223 00:00:00 |a dcastane | ||
| 952 | |0 0 |1 0 |4 0 |6 341_098000000000000_NOG_2009 |7 0 |8 A |9 446906 |a BIBDER |b BIBDER |d 2019-11-22 |i 4816161 |o 341.098 NOG 2009 |p 4816161 |r 2023-01-25 |w 2019-11-22 |y BK |k DER | ||